[Event "Moscow Open A,B"]
[Site "?"]
[Date "2017.01.28"]
[Round "1.1"]
[White "Malyshev, Grigory"]
[Black "Sjugirov, Sanan"]
[Result "1/2-1/2"]
[BlackElo "2673"]
[WhiteElo "2326"]
[LiveChessVersion "1.4.8"]

1. d4 {[%clk 1:30:57]} Nf6 {[%clk 1:30:48]} 2. c4 {[%clk 1:31:20]} g6
{[%clk 1:30:48]} 3. g3 {[%clk 1:31:27]} c5 {[%clk 1:30:33]} 4. d5 Bg7 5. Nc3
{[%clk 1:30:41]} d6 {[%clk 1:25:05]} 6. Bg2 {[%clk 1:29:47]} O-O {[%clk 1:25:07]}
7. Nf3 {[%clk 1:29:30]} e6 {[%clk 1:25:04]} 8. O-O {[%clk 1:28:48]} exd5
{[%clk 1:25:16]} 9. cxd5 {[%clk 1:29:00]} Re8 {[%clk 1:25:04]} 10. Nd2
{[%clk 1:26:01]} a6 {[%clk 1:19:24]} 11. a4 {[%clk 1:26:02]} Nbd7
{[%clk 1:19:28]} 12. h3 {[%clk 1:24:27]} Rb8 {[%clk 1:17:06]} 13. Nc4
{[%clk 1:23:22]} Ne5 {[%clk 1:17:04]} 14. Na3 {[%clk 1:22:19]} Nh5
{[%clk 1:13:29]} 15. e4 {[%clk 1:20:02]} Bd7 {[%clk 1:05:48]} 16. a5
{[%clk 1:17:25]} b5 {[%clk 0:55:27]} 17. axb6 {[%clk 1:17:00]} Bb5
{[%clk 0:54:20]} 18. Naxb5 {[%clk 1:11:09]} axb5 {[%clk 0:54:40]} 19. Nxb5
{[%clk 1:11:31]} Qxb6 {[%clk 0:54:35]} 20. Nc3 {[%clk 1:11:19]} c4 21. Kh2
{[%clk 1:01:59]} Nd3 {[%clk 0:41:56]} 22. Na4 {[%clk 0:40:19]} Qb3
{[%clk 0:34:04]} 23. Be3 Nxb2 {[%clk 0:22:29]} 24. Nxb2 {[%clk 0:30:24]} Bxb2
{[%clk 0:22:45]} 25. Ra6 {[%clk 0:25:12]} Be5 {[%clk 0:18:56]} 26. Qc1
{[%clk 0:23:12]} Rec8 {[%clk 0:16:32]} 27. Ra3 {[%clk 0:18:04]} Qb4
{[%clk 0:15:10]} 28. Ra6 {[%clk 0:14:25]} Qb3 {[%clk 0:14:14]} 29. Ra3
{[%clk 0:14:19]} Qb5 {[%clk 0:12:08]} 30. Qc2 {[%clk 0:13:09]} Bb2
{[%clk 0:11:29]} 31. Ra7 {[%clk 0:10:24]} Qb3 {[%clk 0:11:40]} 32. Qe2
{[%clk 0:09:17]} Ra8 {[%clk 0:08:05]} 33. Rb1 {[%clk 0:05:46]} c3
{[%clk 0:03:40]} 34. Rxa8 {[%clk 0:00:45]} Rxa8 {[%clk 0:04:05]} 35. Bd4
{[%clk 0:00:36]} Qa4 {[%clk 0:02:36]} 36. Qe3 {[%clk 0:00:53]} Qa2
{[%clk 0:01:43]} 37. Qd3 {[%clk 0:00:34]} Rc8 {[%clk 0:00:56]} 38. Qc2
{[%clk 0:00:39]} Qc4 {[%clk 0:00:37]} 39. Be3 {[%clk 0:00:50]} Nf6
{[%clk 0:00:40]} 40. Bf4 {[%clk 0:30:41]} Qb4 {[%clk 0:30:34]} 41. Bxd6
{[%clk 0:23:57]} Qxd6 {[%clk 0:27:39]} 42. Rxb2 {[%clk 0:23:40]} cxb2
{[%clk 0:27:55]} 43. Qxc8+ {[%clk 0:24:01]} Kg7 {[%clk 0:27:25]} 44. Qb7
{[%clk 0:19:26]} Qe5 {[%clk 0:27:44]} 45. Qb4 {[%clk 0:16:14]} g5
{[%clk 0:23:50]} 46. Kg1 {[%clk 0:10:47]} Nd7 {[%clk 0:16:44]} 47. d6
{[%clk 0:11:00]} Nc5 {[%clk 0:15:22]} 48. Bf1 {[%clk 0:10:29]} h5
{[%clk 0:09:00]} 49. Bb5 {[%clk 0:08:26]} h4 {[%clk 0:06:26]} 50. g4
{[%clk 0:08:18]} Ne6 {[%clk 0:05:08]} 51. d7 {[%clk 0:06:58]} Qd4
{[%clk 0:04:53]} 52. Qb3 {[%clk 0:06:02]} Qd2 {[%clk 0:04:52]} 53. Bd3
{[%clk 0:04:23]} Qe1+ {[%clk 0:01:53]} 54. Kg2 {[%clk 0:03:52]} Nf4+
{[%clk 0:02:22]} 55. Kf3 {[%clk 0:04:20]} Qh1+ {[%clk 0:02:31]} 56. Ke3
{[%clk 0:04:45]} Qc1+ {[%clk 0:02:13]} 57. Kf3 {[%clk 0:04:12]} Qh1+
{[%clk 0:01:59]} 58. Ke3 {[%clk 0:04:38]} Qe1+ {[%clk 0:01:34]} 59. Kf3
{[%clk 0:04:47]} Qh1+ {[%clk 0:01:02]} 60. Ke3 {[%clk 0:05:13]} Qc1+
{[%clk 0:01:17]} 61. Kf3 {[%clk 0:05:38]} Ne6 {[%clk 0:00:53]} 62. Qxe6
{[%clk 0:05:05]} Qd1+ {[%clk 0:00:46]} 63. Kg2 {[%clk 0:04:27]} Qxd3
{[%clk 0:00:39]} 64. Qe5+ {[%clk 0:04:40]} f6 {[%clk 0:00:39]} 65. Qe7+
{[%clk 0:03:59]} 1/2-1/2

[Event "Moscow Open A,B"]
[Site "?"]
[Date "2017.01.28"]
[Round "1.3"]
[White "Zakaryan, David"]
[Black "Artemiev, Vladislav"]
[Result "0-1"]
[BlackElo "2655"]
[WhiteElo "2320"]
[LiveChessVersion "1.4.8"]

1. e4 {[%clk 1:30:58]} c5 {[%clk 1:30:21]} 2. Nf3 {[%clk 1:31:18]} d6
{[%clk 1:29:05]} 3. d4 {[%clk 1:31:42]} cxd4 {[%clk 1:29:21]} 4. Nxd4
{[%clk 1:32:09]} Nf6 {[%clk 1:29:26]} 5. Nc3 {[%clk 1:32:33]} a6 {[%clk 1:29:34]}
6. Be3 Ng4 {[%clk 1:26:03]} 7. Bc1 {[%clk 1:32:50]} Nc6 {[%clk 1:24:01]} 8. f3
{[%clk 1:26:31]} Qb6 {[%clk 1:09:40]} 9. Nd5 {[%clk 1:24:36]} Qxd4
{[%clk 1:09:44]} 10. Qxd4 {[%clk 1:24:59]} Nxd4 {[%clk 1:10:04]} 11. Nc7+
{[%clk 1:25:03]} Kd8 {[%clk 0:59:19]} 12. Nxa8 {[%clk 1:25:24]} Nxc2+
{[%clk 0:59:34]} 13. Ke2 {[%clk 1:08:56]} Nxa1 {[%clk 0:55:43]} 14. Bd2
{[%clk 0:57:18]} Ne5 {[%clk 0:49:59]} 15. Ba5+ {[%clk 0:57:11]} Ke8
{[%clk 0:50:13]} 16. Nc7+ {[%clk 0:55:12]} Kd7 {[%clk 0:50:32]} 17. Kd2
{[%clk 0:50:27]} Nc6 {[%clk 0:46:12]} 18. Bb6 {[%clk 0:50:40]} g6
{[%clk 0:42:18]} 19. Bd3 {[%clk 0:35:59]} Bh6+ {[%clk 0:40:28]} 20. Ke2
{[%clk 0:36:19]} Bg7 {[%clk 0:37:07]} 21. Rxa1 {[%clk 0:36:29]} Bxb2
{[%clk 0:37:13]} 22. Rb1 {[%clk 0:36:00]} Bd4 {[%clk 0:37:25]} 23. Nd5 Bxb6
{[%clk 0:30:59]} 24. Nxb6+ {[%clk 0:34:35]} Kd8 {[%clk 0:31:10]} 25. a4
{[%clk 0:31:05]} Be6 {[%clk 0:28:19]} 26. Nd5 {[%clk 0:30:19]} Kc8
{[%clk 0:28:15]} 27. Rc1 {[%clk 0:30:04]} Kb8 28. Bxa6 {[%clk 0:17:36]} Bxd5
{[%clk 0:28:35]} 29. Rb1 {[%clk 0:18:05]} Bb3 {[%clk 0:27:44]} 0-1

[Event "Moscow Open A,B"]
[Site "?"]
[Date "2017.01.28"]
[Round "1.4"]
[White "Kokarev, Dmitry"]
[Black "Nazaretyan, Tigran"]
[Result "1-0"]
[BlackElo "2316"]
[WhiteElo "2651"]
[LiveChessVersion "1.4.8"]

1. e4 e5 2. Nf3 Nc6 3. Bb5 a6 4. Ba4 Nf6 5. O-O Be7 6. Re1 b5 7. Bb3 O-O 8. a4 b4
9. d3 d6 10. Nbd2 Na5 11. Ba2 c5 12. Nf1 Be6 13. Ne3 Qd7 14. Bd2 Rab8 15. g3 Rfe8
16. Qe2 Bd8 17. Nc4 Nc6 18. Ne3 Nd4 19. Nxd4 exd4 20. Bxe6 Qxe6 21. Ng2 b3 22.
Nf4 Qg4 23. f3 Qd7 24. c4 dxc3 25. Bxc3 g5 26. Bxf6 Bxf6 27. Nd5 Bd4+ 28. Kg2 f5
29. Qd2 fxe4 30. dxe4 Qg7 31. Re2 Kh8 32. Rd1 Re6 33. Qd3 a5 34. Rdd2 Rh6 35. Ne3
Bxe3 36. Rxe3 Qe5 37. Qa6 Re6 38. Qxa5 Rb4 39. Qd8+ Kg7 40. a5 Rd4 41. Rxd4 Qxd4
42. Qxg5+ Rg6 43. Qe7+ Kg8 44. Rxb3 Qd2+ 45. Kh3 Qh6+ 46. Qh4 Qf8 47. Kg2 Rg7 48.
a6 Qc8 49. Qf6 Rg6 50. Qf5 1-0

[Event "Moscow Open A,B"]
[Site "?"]
[Date "2017.01.28"]
[Round "1.5"]
[White "Novichenko, Alexander"]
[Black "Grachev, Boris"]
[Result "0-1"]
[BlackElo "2650"]
[WhiteElo "2314"]
[LiveChessVersion "1.4.8"]

1. d4 {[%clk 1:30:57]} Nf6 {[%clk 1:30:54]} 2. c4 {[%clk 1:31:15]} b6
{[%clk 1:31:20]} 3. Nf3 {[%clk 1:31:12]} Bb7 {[%clk 1:31:46]} 4. Nc3
{[%clk 1:30:50]} e6 {[%clk 1:31:17]} 5. a3 g6 6. Bg5 {[%clk 1:26:40]} h6
{[%clk 1:28:46]} 7. Bh4 {[%clk 1:23:24]} Bg7 {[%clk 1:28:27]} 8. e3
{[%clk 1:23:00]} O-O {[%clk 1:25:25]} 9. h3 {[%clk 1:23:16]} d6 {[%clk 1:18:51]}
10. Be2 {[%clk 1:21:14]} Nc6 {[%clk 1:15:54]} 11. O-O {[%clk 1:20:42]} Ne7
{[%clk 1:16:11]} 12. Bg3 {[%clk 1:17:29]} Qd7 {[%clk 1:11:54]} 13. Qc2
{[%clk 1:16:07]} g5 {[%clk 1:10:47]} 14. Rfd1 {[%clk 1:12:07]} Rad8
{[%clk 1:07:00]} 15. Rac1 {[%clk 1:10:58]} a6 {[%clk 1:04:32]} 16. b4
{[%clk 1:09:13]} Qc8 {[%clk 1:03:53]} 17. c5 {[%clk 0:46:30]} Qa8
{[%clk 0:55:45]} 18. Ne1 {[%clk 0:41:11]} Nf5 {[%clk 0:52:55]} 19. Bh2
{[%clk 0:33:06]} Nh4 {[%clk 0:52:05]} 20. f3 {[%clk 0:32:03]} Nf5
{[%clk 0:50:51]} 21. Rd3 {[%clk 0:29:39]} bxc5 {[%clk 0:48:47]} 22. bxc5
{[%clk 0:29:23]} dxc5 {[%clk 0:49:04]} 23. dxc5 {[%clk 0:24:22]} Rxd3
{[%clk 0:48:48]} 24. Bxd3 {[%clk 0:24:51]} Nxe3 {[%clk 0:48:32]} 25. Qe2
{[%clk 0:25:18]} Nfd5 {[%clk 0:46:33]} 26. Nxd5 {[%clk 0:25:21]} Nxd5 27. Be5
{[%clk 0:19:27]} Nf4 {[%clk 0:45:49]} 28. Qb2 {[%clk 0:19:00]} Bxe5
{[%clk 0:42:59]} 29. Qxe5 {[%clk 0:19:20]} Qd8 {[%clk 0:40:07]} 30. Rd1
{[%clk 0:18:26]} Qe7 {[%clk 0:39:31]} 31. Rb1 {[%clk 0:11:42]} Bd5
{[%clk 0:33:49]} 32. Qe3 {[%clk 0:09:20]} a5 {[%clk 0:32:45]} 33. g3
{[%clk 0:08:20]} Nh5 {[%clk 0:31:04]} 34. Kh2 {[%clk 0:07:42]} Qf6
{[%clk 0:31:22]} 35. Bc2 {[%clk 0:05:42]} Rd8 {[%clk 0:30:14]} 36. Rb5
{[%clk 0:03:48]} Ra8 {[%clk 0:20:38]} 37. Be4 {[%clk 0:01:48]} Bxe4
{[%clk 0:19:27]} 38. Qxe4 {[%clk 0:02:05]} Rd8 {[%clk 0:19:43]} 39. Nd3
{[%clk 0:01:08]} Qc3 {[%clk 0:19:12]} 40. Ne1 {[%clk 0:30:47]} Nf6
{[%clk 0:48:57]} 41. Qb1 {[%clk 0:30:01]} Rd2+ {[%clk 0:49:00]} 0-1

[Event "Moscow Open A,B"]
[Site "?"]
[Date "2017.01.28"]
[Round "1.6"]
[White "Goganov, Aleksey"]
[Black "Krasikov, Vladislav"]
[Result "1/2-1/2"]
[BlackElo "2311"]
[WhiteElo "2639"]
[LiveChessVersion "1.4.8"]

1. d4 Nf6 2. c4 c5 3. d5 b5 4. cxb5 a6 5. bxa6 g6 6. Nc3 Bg7 7. e4 O-O 8. Nf3 Qa5
9. Bd2 Bxa6 10. Be2 Qb4 11. O-O Nxe4 12. a3 Nxc3 13. Bxc3 Qb7 14. Bxg7 Kxg7 15.
Rb1 Re8 16. Re1 Qa7 17. Qd2 d6 18. Bxa6 Qxa6 19. Re4 Nd7 20. Rh4 Nf6 21. Qh6+ Kg8
22. Ng5 Qd3 23. Rf1 Qd2 24. f4 Reb8 25. Kh1 Rxb2 26. Rg1 Qd4 27. f5 Qd2 28. fxg6
fxg6 29. h3 Rxa3 30. Rg4 Rb4 31. Rxb4 cxb4 32. Qh4 b3 33. Ne4 Qd4 34. Nxf6+ Qxf6
35. Qb4 Ra1 36. Qxb3 Rxg1+ 37. Kxg1 Qd4+ 38. Kh1 Kg7 39. Qf3 Qa1+ 40. Kh2 Qf6 41.
Qd3 h5 42. Kg1 h4 43. Qe4 g5 44. Qd3 Qf4 45. Qc3+ Qe5 46. Qf3 Qd4+ 47. Kh1 Qe5
48. Qd3 Kf6 49. Qf3+ Qf4 50. Qe2 Qe5 51. Qf3+ Kg6 52. Qf8 Qf6 53. Qe8+ Kf5 54.
Qc8+ Ke5 55. Qb7 Ke4 56. Kg1 Qd4+ 57. Kh1 Qa1+ 58. Kh2 Qe5+ 59. Kg1 Qxd5 60.
Qxe7+ Kd3 61. Kh1 Qe5 62. Qb7 d5 63. Qb3+ Kd2 64. Qa2+ Ke3 65. Qb3+ Kf2 66. Qc2+
Ke3 67. Qb3+ Kd2 68. Qa2+ Kc1 69. Qa3+ Kb1 70. Qb3+ Kc1 71. Qa3+ Kc2 72. Qa2+ Kd3
73. Qb3+ Ke4 74. Qc2+ Ke3 75. Qb3+ Kf2 76. Qc2+ Ke1 77. Qc1+ Ke2 78. Qc2+ Ke3 79.
Qb3+ 1/2-1/2

[Event "Moscow Open A,B"]
[Site "?"]
[Date "2017.01.28"]
[Round "1.7"]
[White "Martynov, Roman"]
[Black "Khismatullin, Denis"]
[Result "0-1"]
[BlackElo "2639"]
[WhiteElo "2310"]
[LiveChessVersion "1.4.8"]

1. d4 e6 2. c4 {[%clk 1:25:29]} b6 3. Nf3 Bb7 {[%clk 1:29:43]} 4. g3
{[%clk 1:25:07]} Bb4+ {[%clk 1:29:35]} 5. Bd2 {[%clk 1:16:40]} Bxf3
{[%clk 1:28:35]} 6. exf3 {[%clk 1:17:07]} Bxd2+ {[%clk 1:28:59]} 7. Qxd2
{[%clk 1:08:16]} d5 {[%clk 1:29:20]} 8. cxd5 {[%clk 0:44:06]} exd5
{[%clk 1:22:36]} 9. Nc3 {[%clk 0:43:37]} Ne7 {[%clk 1:22:44]} 10. O-O-O
{[%clk 0:40:13]} Nbc6 {[%clk 0:56:20]} 11. f4 {[%clk 0:39:14]} O-O
{[%clk 0:55:15]} 12. g4 {[%clk 0:35:55]} f5 {[%clk 0:52:54]} 13. g5
{[%clk 0:35:21]} Qd6 {[%clk 0:52:01]} 14. h4 {[%clk 0:34:52]} Nd8
{[%clk 0:42:22]} 15. Re1 Ne6 16. Re5 {[%clk 0:08:49]} Rae8 {[%clk 0:04:49]} 17.
h5 {[%clk 0:04:03]} c6 {[%clk 0:04:22]} 18. Bg2 {[%clk 0:02:38]} Nc7
{[%clk 0:03:54]} 19. Rhe1 {[%clk 0:01:27]} Qd7 {[%clk 0:03:42]} 20. Kb1
{[%clk 0:00:59]} Nc8 {[%clk 0:03:32]} 21. Qd3 {[%clk 0:00:45]} Nd6
{[%clk 0:03:31]} 22. Bh3 {[%clk 0:00:37]} Qf7 {[%clk 0:03:20]} 23. h6
{[%clk 0:00:35]} g6 {[%clk 0:01:36]} 24. b3 {[%clk 0:00:59]} Re6 {[%clk 0:01:05]}
25. f3 {[%clk 0:00:41]} Rfe8 {[%clk 0:01:04]} 26. Rc1 {[%clk 0:00:49]} Qd7
{[%clk 0:01:18]} 27. Nd1 {[%clk 0:00:35]} Nf7 {[%clk 0:01:35]} 28. Rxe6
{[%clk 0:00:41]} Nxe6 {[%clk 0:00:59]} 29. Bxf5 {[%clk 0:00:36]} gxf5
{[%clk 0:01:23]} 30. Qxf5 {[%clk 0:01:05]} Nd6 {[%clk 0:01:25]} 31. Qg4
{[%clk 0:01:03]} Rf8 {[%clk 0:00:58]} 32. Ne3 {[%clk 0:00:37]} Rxf4
{[%clk 0:00:48]} 33. Qh3 {[%clk 0:01:05]} Qe8 {[%clk 0:00:42]} 34. Ng4
{[%clk 0:00:50]} Nxg5 {[%clk 0:00:46]} 35. Qg3 {[%clk 0:00:33]} Qg6+
{[%clk 0:00:39]} 36. Ka1 {[%clk 0:00:58]} Rxf3 {[%clk 0:00:40]} 37. Qg2
{[%clk 0:00:00]} 0-1

[Event "Moscow Open A,B"]
[Site "?"]
[Date "2017.01.28"]
[Round "1.8"]
[White "Alekseev, Evgeny"]
[Black "Belous, Mikhail"]
[Result "0-1"]
[BlackElo "2309"]
[WhiteElo "2632"]
[LiveChessVersion "1.4.8"]

1. e4 c5 2. Nf3 d6 3. d4 cxd4 4. Nxd4 Nf6 5. Nc3 a6 6. g3 e5 7. Nde2 Be7 8. Bg2
Nbd7 9. a4 b6 10. Nd5 Nxd5 11. Qxd5 Rb8 12. Nc3 O-O 13. Qd3 Nf6 14. Bg5 Bb7 15.
Rd1 Qc8 16. Bxf6 Bxf6 17. Qxd6 Rd8 18. Qb4 Rxd1+ 19. Kxd1 a5 20. Qd6 Bg5 21. h4
Bh6 22. Ke2 Ba6+ 23. Kf3 f5 24. Bh3 fxe4+ 25. Kg2 Qf8 26. Be6+ Kh8 27. Qxf8+ Rxf8
28. Nxe4 Bb7 29. Re1 Rd8 30. c4 Rd4 31. Bd5 Bxd5 32. cxd5 Rxd5 33. Nc3 Rd2 34.
Rxe5 Kg8 35. Rb5 Be3 36. Ne4 Rc2 37. b4 axb4 38. Kf3 Bd4 39. Rxb4 Bc5 0-1

[Event "Moscow Open A,B"]
[Site "?"]
[Date "2017.01.28"]
[Round "1.9"]
[White "Mashkov, Sergey"]
[Black "Volkov, Sergey"]
[Result "0-1"]
[BlackElo "2617"]
[WhiteElo "2309"]
[LiveChessVersion "1.4.8"]

1. e4 {[%clk 1:30:58]} e6 {[%clk 1:30:47]} 2. d3 {[%clk 1:31:16]} d5
{[%clk 1:31:08]} 3. Nd2 {[%clk 1:31:42]} Nf6 {[%clk 1:31:27]} 4. g3
{[%clk 1:31:58]} dxe4 {[%clk 1:31:38]} 5. dxe4 {[%clk 1:32:18]} b6
{[%clk 1:32:01]} 6. Bg2 Bb7 {[%clk 1:30:03]} 7. Ne2 {[%clk 1:30:07]} Bc5 8. O-O
{[%clk 1:29:43]} e5 {[%clk 1:29:51]} 9. a3 {[%clk 1:20:49]} a5 {[%clk 1:29:42]}
10. Nc3 {[%clk 1:17:39]} Ba6 {[%clk 1:18:32]} 11. Re1 {[%clk 1:14:09]} O-O
{[%clk 1:18:39]} 12. Nb3 {[%clk 1:11:05]} Bd6 {[%clk 1:17:49]} 13. Qf3
{[%clk 1:04:11]} Nbd7 {[%clk 1:13:47]} 14. g4 {[%clk 0:58:47]} Ne8
{[%clk 1:12:04]} 15. Be3 {[%clk 0:57:34]} g6 {[%clk 1:09:55]} 16. Rad1
{[%clk 0:48:11]} Ng7 {[%clk 1:09:45]} 17. Bf1 {[%clk 0:46:31]} Bb7
{[%clk 1:08:28]} 18. Bc4 {[%clk 0:41:57]} a4 {[%clk 1:04:14]} 19. Nc1
{[%clk 0:40:34]} Ne6 {[%clk 0:57:59]} 20. Bd5 {[%clk 0:36:22]} Bxd5
{[%clk 0:55:20]} 21. Nxd5 {[%clk 0:36:11]} c6 {[%clk 0:53:17]} 22. Nc3
{[%clk 0:31:32]} Qe7 {[%clk 0:51:14]} 23. Rd2 {[%clk 0:30:39]} Bc5
{[%clk 0:49:27]} 24. Red1 {[%clk 0:30:07]} Rfd8 {[%clk 0:48:40]} 25. Nd3 Bd4
{[%clk 0:43:17]} 26. Ne2 {[%clk 0:24:49]} b5 {[%clk 0:36:14]} 27. Nb4
{[%clk 0:23:36]} Rac8 {[%clk 0:33:26]} 28. Nxd4 {[%clk 0:18:26]} exd4
{[%clk 0:33:39]} 29. Bxd4 {[%clk 0:18:30]} h5 {[%clk 0:25:37]} 30. Bc3
{[%clk 0:16:40]} Ng5 {[%clk 0:25:09]} 31. Qg2 {[%clk 0:15:50]} h4
{[%clk 0:22:14]} 32. f4 {[%clk 0:08:23]} Ne6 {[%clk 0:21:29]} 33. Qf3
{[%clk 0:07:42]} Nb6 {[%clk 0:21:04]} 34. Rxd8+ {[%clk 0:07:08]} Rxd8
{[%clk 0:20:49]} 35. Rxd8+ {[%clk 0:07:33]} Nxd8 {[%clk 0:20:26]} 36. Nd3
{[%clk 0:04:53]} Nc4 {[%clk 0:19:41]} 37. e5 {[%clk 0:04:14]} Ne6
{[%clk 0:19:14]} 38. Qxc6 {[%clk 0:01:48]} Qa7+ {[%clk 0:18:52]} 39. Kf1
{[%clk 0:00:41]} Ne3+ {[%clk 0:18:32]} 40. Ke2 {[%clk 0:30:38]} Nxg4
{[%clk 0:47:33]} 41. Qg2 {[%clk 0:27:28]} Nxf4+ {[%clk 0:47:14]} 42. Nxf4
{[%clk 0:27:49]} Qe3+ {[%clk 0:47:38]} 43. Kd1 {[%clk 0:27:39]} Nf2+
{[%clk 0:47:13]} 0-1

[Event "Moscow Open A,B"]
[Site "?"]
[Date "2017.01.28"]
[Round "1.10"]
[White "Vavulin, Maksim"]
[Black "Dimitrova, Aleksandra"]
[Result "1-0"]
[BlackElo "2309"]
[WhiteElo "2604"]
[LiveChessVersion "1.4.8"]

1. e4 c5 2. Nf3 e6 3. b3 b6 4. Bb2 Bb7 5. Qe2 Nf6 6. Nc3 d6 7. d4 cxd4 8. Nxd4
Nbd7 9. O-O-O a6 10. g4 g5 11. h4 Rg8 12. Bh3 h6 13. Rhe1 Qc7 14. f4 O-O-O 15. e5
Ne8 16. f5 dxe5 17. fxe6 Nc5 18. exf7 Qxf7 19. Nf5 Rxd1+ 20. Rxd1 Qe6 21. Bg2 Nc7
22. h5 Nd7 23. Bxb7+ Kxb7 24. Ne4 Qc6 25. Ned6+ Ka7 26. Nc8+ Kb8 27. Nce7 Bxe7
28. Nxe7 1-0

[Event "Moscow Open A,B"]
[Site "?"]
[Date "2017.01.28"]
[Round "1.11"]
[White "Kholopov, Alexander A."]
[Black "Rozum, Ivan"]
[Result "0-1"]
[BlackElo "2601"]
[WhiteElo "2307"]
[LiveChessVersion "1.4.8"]

1. d4 {[%clk 1:30:58]} Nf6 {[%clk 1:30:53]} 2. c4 {[%clk 1:31:24]} e6
{[%clk 1:31:20]} 3. Nc3 {[%clk 1:31:51]} Bb4 {[%clk 1:31:47]} 4. Qc2
{[%clk 1:32:17]} b6 {[%clk 1:32:08]} 5. e4 {[%clk 1:29:47]} c5 {[%clk 1:32:24]}
6. e5 {[%clk 1:29:10]} cxd4 {[%clk 1:32:39]} 7. a3 {[%clk 1:29:36]} Bxc3+
{[%clk 1:33:18]} 8. bxc3 {[%clk 1:29:58]} Ng8 9. cxd4 {[%clk 1:23:29]} Bb7
{[%clk 1:33:34]} 10. Bf4 {[%clk 1:16:44]} Ne7 {[%clk 1:23:37]} 11. Nf3
{[%clk 1:17:00]} Bxf3 {[%clk 1:21:35]} 12. gxf3 {[%clk 1:13:57]} Nbc6
{[%clk 1:21:45]} 13. Rd1 {[%clk 1:10:24]} Nf5 {[%clk 1:16:55]} 14. d5
{[%clk 1:06:48]} Nce7 {[%clk 1:16:50]} 15. Bh3 {[%clk 0:50:32]} Ng6
{[%clk 1:09:40]} 16. Bg3 {[%clk 0:30:36]} Qg5 {[%clk 1:07:11]} 17. dxe6
{[%clk 0:26:21]} fxe6 {[%clk 1:05:13]} 18. f4 {[%clk 0:26:39]} Qh5
{[%clk 1:05:05]} 19. Bg2 {[%clk 0:25:24]} Rd8 {[%clk 1:04:27]} 20. Qa4
{[%clk 0:10:19]} Ngh4 21. Be4 {[%clk 0:09:03]} Nf3+ {[%clk 0:55:41]} 22. Kf1
{[%clk 0:09:29]} O-O {[%clk 0:54:21]} 23. h3 N3d4 {[%clk 0:45:31]} 24. Rd2
{[%clk 0:07:35]} Nxg3+ {[%clk 0:45:08]} 25. fxg3 {[%clk 0:07:58]} Qxe5
{[%clk 0:45:23]} 0-1

[Event "Moscow Open A,B"]
[Site "?"]
[Date "2017.01.28"]
[Round "1.12"]
[White "Timofeev, Artyom"]
[Black "Ovchinnikov, Vsevolod"]
[Result "1/2-1/2"]
[BlackElo "2307"]
[WhiteElo "2579"]
[LiveChessVersion "1.4.8"]

1. e4 e6 2. d4 d5 3. Nc3 Bb4 4. e5 c5 5. a3 Bxc3+ 6. bxc3 Qc7 7. Qg4 f5 8. Qg3
Nc6 9. Bb5 Nge7 10. Qxg7 Rg8 11. Qxh7 Qa5 12. Bxc6+ bxc6 13. Ne2 Ba6 14. h4 Bxe2
15. Kxe2 Qxc3 16. Bg5 Qc4+ 17. Ke1 Qc3+ 18. Ke2 Qc4+ 19. Ke1 Qc3+ 20. Ke2 Qc4+
1/2-1/2

[Event "Moscow Open A,B"]
[Site "?"]
[Date "2017.01.28"]
[Round "1.13"]
[White "Chapurin, Alexey V."]
[Black "Predke, Alexandr"]
[Result "0-1"]
[BlackElo "2573"]
[WhiteElo "2305"]
[LiveChessVersion "1.4.8"]

1. Nf3 {[%clk 1:30:56]} d5 {[%clk 1:30:46]} 2. g3 {[%clk 1:31:11]} c6
{[%clk 1:30:40]} 3. Bg2 {[%clk 1:31:10]} Bg4 {[%clk 1:31:04]} 4. d3
{[%clk 1:30:25]} Nd7 {[%clk 1:31:17]} 5. Nbd2 {[%clk 1:29:36]} e5 6. h3
{[%clk 1:27:30]} Be6 {[%clk 1:30:22]} 7. e4 {[%clk 1:25:00]} dxe4
{[%clk 1:27:55]} 8. Nxe4 {[%clk 1:20:41]} h6 {[%clk 1:22:17]} 9. O-O
{[%clk 1:16:50]} Qc7 {[%clk 1:18:19]} 10. Re1 {[%clk 1:11:55]} O-O-O
{[%clk 1:17:50]} 11. a4 {[%clk 1:06:34]} f5 {[%clk 1:12:37]} 12. Ned2
{[%clk 1:05:39]} Ngf6 {[%clk 1:10:34]} 13. Nd4 {[%clk 0:54:46]} Nc5
{[%clk 1:07:45]} 14. Nxe6 {[%clk 0:52:17]} Nxe6 {[%clk 1:08:11]} 15. a5
{[%clk 0:38:02]} a6 {[%clk 0:58:24]} 16. Qe2 {[%clk 0:33:12]} Nd4
{[%clk 0:56:50]} 17. Qd1 {[%clk 0:33:40]} g5 {[%clk 0:43:34]} 18. c3
{[%clk 0:32:17]} Ne6 {[%clk 0:42:22]} 19. Qf3 {[%clk 0:27:56]} f4 20. Nc4
{[%clk 0:19:06]} Bd6 {[%clk 0:39:55]} 21. Qe2 fxg3 {[%clk 0:26:22]} 22. fxg3
{[%clk 0:13:38]} e4 {[%clk 0:25:16]} 23. Nxd6+ {[%clk 0:11:36]} Qxd6
{[%clk 0:24:47]} 24. dxe4 {[%clk 0:11:17]} Qxg3 {[%clk 0:24:14]} 25. Qe3
{[%clk 0:07:03]} Qe5 {[%clk 0:22:14]} 26. Qf2 {[%clk 0:06:14]} Rhf8
{[%clk 0:17:28]} 27. Qf5 {[%clk 0:05:05]} Nd7 {[%clk 0:17:53]} 28. Qg4
{[%clk 0:03:55]} h5 {[%clk 0:16:39]} 29. Qxh5 {[%clk 0:03:39]} Qg3
{[%clk 0:16:53]} 30. Be3 {[%clk 0:02:10]} Ne5 {[%clk 0:15:40]} 31. Kh1
{[%clk 0:02:05]} Rh8 {[%clk 0:15:09]} 32. Qe2 {[%clk 0:01:56]} Ng4
{[%clk 0:15:23]} 33. Bf1 {[%clk 0:01:44]} Rdf8 {[%clk 0:15:12]} 34. Qg2
{[%clk 0:01:40]} Rxf1+ {[%clk 0:15:18]} 35. Rxf1 {[%clk 0:01:31]} Rxh3+
{[%clk 0:15:34]} 36. Kg1 {[%clk 0:01:37]} Qxe3+ {[%clk 0:15:56]} 0-1

[Event "Moscow Open A,B"]
[Site "?"]
[Date "2017.01.28"]
[Round "1.14"]
[White "Pridorozhni, Aleksei"]
[Black "Travkina, Anastasia"]
[Result "1-0"]
[BlackElo "2304"]
[WhiteElo "2568"]
[LiveChessVersion "1.4.8"]

1. e4 c6 2. Nc3 d5 3. d4 dxe4 4. Nxe4 Bf5 5. Nc5 Nd7 6. Bd3 e6 7. Bxf5 exf5 8.
Nd3 Bd6 9. Nf3 Qe7+ 10. Qe2 Qxe2+ 11. Kxe2 Ngf6 12. Re1 O-O 13. Kf1 c5 14. dxc5
Nxc5 15. Nxc5 Bxc5 16. Be3 Rac8 17. Bxc5 Rxc5 18. c3 Rfc8 19. Rad1 g6 20. Re7
R5c7 21. Rxc7 Rxc7 22. Rd8+ Kg7 23. Nd4 a6 24. f3 Nd7 25. Nc2 Nb6 26. Nb4 Nc4 27.
Nd3 Re7 28. Kf2 Rc7 29. b3 Na5 30. c4 Nc6 31. Rd5 Ne7 32. Rd6 Nc8 33. Rd8 a5 34.
Ke3 a4 35. Kd4 axb3 36. axb3 Ne7 37. Nb4 f4 38. Nd5 Nf5+ 39. Kd3 Rc5 40. b4 Rc6
41. b5 Re6 42. Rd7 b6 43. Rb7 Ne3 44. Nxf4 1-0